| Registos Bibliográficos associados ao registo de autoridade |
|
Etiqueta de registo: 00000nkm 2200025 450 001 2266553 003 http://id.bnportugal.gov.pt/bib/catbnp/2266553 100 ## $a20260213d1993 m y0pory01030103ba 101 0# $apor 102 ## $aPT 200 1# $aV Concurso europeu para jovens cientistas, IV concurso europeu para jovens investigadores
na área do ambiente, 1993, Fundação da Juventude$bVisual gráfico]$fFundação da Juventude$gdesign Rui Guimarães 210 #9 $a[Porto]$cFundação da Juventude,$d1993 215 ## $a1 cartaz$ccolor.$d68x47,8 cm 317 ## $aColeção Madeira Luís 675 ## $a766(=1:469)"1993"(084.5)$vBN$zpor$31980825 710 01 $aConcurso Europeu para Jovens Cientistas,$d5,$f1993$31993719 711 01 $aConcurso Europeu para Jovens Investigadores na Área do Ambiente,$d4,$f1993$31993720 712 02 $aFundação da Juventude$3189243 801 #0 $aPT$bBN$gRPC 966 ## $lBN$mICONOG$sCT. 20970 A.$x3 971 ## $cCaticonografia6$d20260213 995 ## $aPRR2026 $d20260213$iCaticonografia6
|
|
|